Countries by the Highest Peaks - Statistics

General Stats
  • This quiz has been taken 57 times
  • The average score is 16 of 20
Answer Stats
Highest Peak Elevation (m) Country % Correct
Mount Everest 8848 China
98%
Mount Everest 8848 Nepal
98%
Mount Logan 5959 Canada
94%
K2 8611 Pakistan
94%
Kilimanjaro 5892 Tanzania
92%
Mount McKinley 6194 United States
92%
Mount Elbrus 5642 Russia
90%
Kangchenjunga 8586 India
88%
Aconcagua 6960 Argentina
86%
Huascarán 6768 Peru
86%
Ojos del Salado 6893 Chile
84%
Noshaq 7492 Afghanistan
80%
Gangkhar Puensum 7570 Bhutan
80%
Pico Cristóbal Colón 5700 Colombia
76%
Chimborazo 6267 Ecuador
76%
Sajama 6542 Bolivia
73%
Ismoil Somoni Peak 7495 Tajikistan
73%
Jengish Chokusu 7439 Kyrgyzstan
61%
Hkakabo Razi 5881 Myanmar
53%
Khan Tengri 7010 Kazakhstan
49%
No matching quizzes found
Score Distribution
Percent of People with Each Score
Percentile by Number Answered
Your Score History
You have not taken this quiz